MDQL
is popping MORE tags! Check the
thread
!
Quizzes
Events
Quiz Creation
Community
Videos
Private Events
Remove Ads
Sign In
Join for FREE
Feedback
Dark Mode
Quiz Categories
Sports
Geography
Music
Movies
Television
Just For Fun
Miscellaneous
History
Literature
Language
Science
Gaming
Entertainment
Religion
Holiday
For Kids
Quiz Lab
Recent
Popular Today
Quiz Kudos Today
Editor Picks
Curator Picks
Quizzes by...
Day
Popularity
Type
Ratings
Length
Year
Community
Subscriptions
Recent Discussions
Orange Saloon
Badges
Playlists
Quests
Create
Leaderboards
Showdown
Live 5
Trivia Bingo
Activity
Puzzle Library
Sporcle Events
Private Events
Virtual Trivia
Globe League
Become a Host
Pub Owners
SporcleCon
Opinionation
Our Games
Videos
Blog
Mobile Apps
Partnerships
Remove Ads and Go Orange
Feedback
Sports
Athletes
MLB
NBA
NHL
NFL
Soccer
Sports Teams
WWE
NCAA
Football
Premier League
Basketball
Baseball
Hockey
Golf
Tennis
Cricket
Rugby
Auto Racing
Olympics
World Cup
Sports
Athletes
MLB
NBA
NHL
NFL
Soccer
Sports Teams
WWE
NCAA
Football
Premier League
Basketball
Baseball
Hockey
Golf
Tennis
Cricket
Rugby
Auto Racing
Olympics
World Cup
Random Quiz
Search Sporcle
×
Quiz Lab
Quiz Lab
Sports
NCAA
Type in answers that appear in a list
Type in answers that appear in a list
Classic
Best Score? Go Orange.
NCAA Power Conference Teams - All Time Leading Passer Stats
Can you name the All Time Leading Passer From These NCAA Power Conference Teams?
By
bhall3944
13m
65 Questions
109 Plays
109 Plays
109 Plays
Comments
Comments
Give Quiz Kudos
Give Quiz Kudos
-
- Ratings
hide this ad
Replay
Link that replays current quiz
Next Quiz
Link to next quiz in quiz playlist
You Got
0%
They Got
Avg Score
39%
Avg Friend Score
Upgrade to see
Score Distribution
Jump to the score distribution portion of the page
Score
0/65
Timer
13:00
0
Plays Today
School (Years)
Player
% Correct
Purdue (1997-
00)
Drew Brees
85.3%
Tennessee (1994-
97)
Peyton Manning
82.6%
Mississippi (2000-
03)
Eli Manning
81.7%
USC (1999-
02)
Carson Palmer
77.1%
Vanderbilt (2002-
05)
Jay Cutler
77.1%
North Carolina State (2000-
03)
Philip Rivers
75.2%
Texas (2006-
09)
Colt McCoy
75.2%
Boston College (1981-
84)
Doug Flutie
73.4%
Oklahoma (1999-
04)
Jason White
73.4%
Auburn (1990-
93)
Stan White
72.5%
Michigan (2004-
07)
Chad Henne
71.6%
Virginia Tech (2007-
10)
Tyrod Taylor
65.1%
California (1986-
89)
Troy Taylor
65.1%
Nebraska (2005-
06)
Zac Taylor
65.1%
Florida (2003-
06)
Chris Leak
63.3%
Florida State (1997-
00)
Chris Weinke
62.4%
Texas Tech (2005-
08)
Graham Harrell
62.4%
Missouri (2005-
08)
Chase Daniel
61.5%
Baylor (2008-
10)
Robert Griffin III
60.6%
Texas A&M (2007-
10)
Jerrod Johnson
59.6%
Miami-
FL (1999-
02)
Ken Dorsey
57.8%
Virginia (2000-
03)
Matt Schaub
56%
UCLA (1995-
98)
Cade McNown
52.3%
Oklahoma State (2006-
09)
Zac Robinson
51.4%
Kentucky (2000-
03)
Jared Lorenzen
48.6%
Alabama (2005-
08)
John Parker Wilson
47.7%
Kansas State (2006-
08)
Josh Freeman
47.7%
Iowa (1981-
85)
Chuck Long
46.8%
Georgia Tech (1996-
99)
Joe Hamilton
45.9%
Oregon State (2001-
04)
Derek Anderson
45.9%
Georgia (2001-
04)
David Greene
45%
North Carolina (2007-
10)
T.J. Yates
41.3%
Indiana (1998-
01)
Antwaan Randle El
40.4%
School (Years)
Player
% Correct
Michigan State (2000-
03)
Jeff Smoker
40.4%
Kansas (2006-
08)
Todd Reesing
34.9%
Clemson (2002-
05)
Charlie Whitehurst
33.9%
Louisville (1996-
99)
Chris Redman
33.9%
Connecticut (2001-
04)
Dan Orlovsky
32.1%
West Virginia (1996-
99)
Marc Bulger
31.2%
Wake Forest (2006-
09)
Riley Skinner
30.3%
Minnesota (2007-
10)
Adam Weber
28.4%
Ohio State (1978-
81)
Art Schlichter
28.4%
Northwestern (2002-
05)
Brett Basanez
27.5%
Rutgers (2005-
08)
Mike Teel
22.9%
Arizona State (2001-
04)
Andrew Walter
22%
Washington (1999-
03)
Cody Pickett
15.6%
Penn State (2001-
04)
Zack Mills
14.7%
Arizona (2005-
08)
Willie Tuitama
13.8%
Arkansas (1996-
99)
Clint Stoerner
13.8%
Cincinnati (2001-
04)
Gino Guidugli
13.8%
Illinois (1981-
85)
Jack Trudeau
11.9%
Wisconsin (1992-
95)
Darrell Bevell
11.9%
Maryland (1992-
95)
Scott Milanovich
11%
Washington State (2004-
07)
Alex Brink
10.1%
Iowa State (2004-
07)
Bret Meyer
10.1%
LSU (1986-
89)
Tommy Hodson
9.2%
Colorado (2002-
05)
Joel Klatt
9.2%
Duke (1980-
83)
Ben Bennett
7.3%
South Carolina (1992-
95)
Steve Taneyhill
7.3%
Syracuse (1990-
93)
Marvin Graves
7.3%
Oregon (1987-
90)
Bill Musgrave
4.6%
Mississippi State (1998-
01)
Wayne Madkin
4.6%
Pittsburgh (1989-
92)
Alex Van Pelt
4.6%
Stanford (1991-
94)
Steve Stenstrom
3.7%
South Florida (1999-
02)
Marquel Blackwell
0.9%
Quiz Playlist
Details
Report
Send in Message
Add To Playlist
Classic:
Type in answers that appear in a list
Last Updated: Feb 16, 2017
Quiz Scoreboard
CHALLENGE
Sign Up to Join the Scoreboard
Show All
Scores
Hide
Comments
May contain spoilers
Recently Published
Street Fighter Characters
by Artimus82
Gaming
60s
9x9 Crossword: Cartoon Network
by jackfrog10
Miscellaneous
3m
College Basketball Coaching Resumes
by pancakes188
Sports
9m
More to Explore
Quiz From the Vault
Featured Blog Post
Where Did the Easter Bunny Come From?
hide this ad
You Might Also Like...
Tags
NCAA Quiz
All Time
Career
Conference
Conference Teams
Leading
Leading Passer
Passers
Passing
Player
Power
school
team
Yard
Today's Top Quizzes in Sports
Browse Sports
hide this ad
Today's Top Quizzes in NCAA
Browse NCAA
Top Contributed Quizzes in Sports
1
2022 World Cup Stars
2
Les meilleurs buteurs des matchs entre le PSG et l’OM
3
FIFA Club World Cup Champions
4
Les entraîneurs de l'OM et du PSG au 21e siècle
5
Criteria MLB: Left Handed Sluggers
6
2023 MLB Unique Player Accomplishments
7
AFC Teams Reveal (Wrong Answers Minefield)
8
5-to-1: FBS Animal Nicknames
9
Players with Multiple 50 Home Run Seasons
10
5-to-1: UK Sports Teams
Explore More
Trending Topics
Crossword
NBA
Disney
Marvel
Kpop
Harry Potter
Anime
NFL
The Office
Song
Puzzle
Soccer
Pokémon
Country
WWE
hide this ad
More By:
bhall3944
Quiz
Plays
Rating
Category
Featured
Created
US Open Top Finishers, '00s & '10s
27,360
4.08
Sports
Jun 16, 2011
Masters Top-5 1990-2010
883
4.50
Sports
Mar 30, 2011
Top 100 Golfers of All-Time
707
4.00
Sports
Feb 25, 2019
British Open Top-5 Finishers 1981 - 2010
701
4.75
Sports
Jul 13, 2011
Top 100 QBs Since the Merger
523
4.38
Sports
Nov 24, 2014
Go to Creator's Profile
Score Distribution
Quiz Creator Spotlight
bhall3944
Follow
Send a Message
Quizzes Created
-
Created Quiz Play Count
-
More By This Creator
Popular Quizzes Today
1
Find the US States - No Outlines Minefield
2
Find the Countries of Europe - No Outlines Minefield
3
The Countries of the World
4
Find the US States
5
Risky Map Clicking: Biggest States A-Z
6
US States
7
Popular People in 1961
8
Movies - When Are They Set?
More Sports Quizzes
FTW Heavyweight Champions
Curator's Pick
Trending Quizzes
Risky Map Clicking: Least Populous States A-Z
Countries of the World: 200 Million BC
Billboard Blitz: Aretha Franklin
1-10 Letter G Words
Famous Russians: Author or Composer?
Recently Updated
Leaping Animals
pecheneg
Reality TV Shows (A-Z)
bhenderson79
Rickey Henderson's Hall of Fame Teammates
pecheneg
Champions League XIs: Arsenal
pecheneg
Quick Pick: Celebrities in WWE's Hall of Fame
aduchscher
A-Z Keypad Blitz II
pecheneg
Multiple Oscar Actors
pecheneg
Mystery Phrase Blitz: Oscar 'Best Actors'
pecheneg
F. Scott Fitzgerald Novels
LTH
Pick 3 Villains
ddd62291
Trending Topics
Crossword
Anime
NBA
Marvel
Harry Potter
Disney
Kpop
Soccer
Country
NFL
The Office
Pokémon
Puzzle
Song
WWE
Your Account Isn't Verified!
In order to create a playlist on Sporcle, you need to verify the email address you used during registration. Go to your
Sporcle Settings
to finish the process.
Report this User
Report this user for behavior that violates our
Community Guidelines
.
Details:
Send Report
Go to the Sporcle.com Mobile Site →
Comments